000 00688nam a2200241Ia 4500
003 OSt
005 20220925215141.0
006 a|||||r|||| 00| 0
007 ta
008 220923b |||||||| |||| 00| 0 eng d
037 _cGeneral Book
040 _aRTL
_cRTL
_beng
041 _2eng
_aeng
082 _aX:89K:(B), M7
100 _aAnas Alex
_9256035
245 0 _aModelling in urban and regional economics
260 _aLondon
_bHarwood Academic
_c1987
300 _aviii,133p
_ccm.
490 _aFundamental of Pure and Applied Economics,26
650 _aRegional Economics
942 _hX:89K:(B), M7
_cGB
_2CC
999 _c568016
_d568016